书目信息 |
| 题名: |
回忆孙中山和廖仲恺
|
|
| 作者: | 何香凝 著 | |
| 分册: | ||
| 出版信息: | 北京 三联书店 1978 |
|
| 页数: | 79页 | |
| 开本: | 19cm | |
| 丛书名: | ||
| 单 册: | ||
| 中图分类: | K257.1 | |
| 科图分类: | ||
| 主题词: | 中国--历史--1840~1949 | |
| 电子资源: | ||
| ISBN: | ||
| 000 | 00596nam0 2200217 45 | |
| 001 | 0178002533 | |
| 005 | 20060913082211.56 | |
| 010 | @dCNY0.25 | |
| 091 | @a11002.500 | |
| 100 | @a19950803d1978 em y0chiy0121 ea | |
| 101 | 0 | @achi |
| 102 | @aCN@b110000 | |
| 105 | @af z 000yb | |
| 200 | 10 | @a回忆孙中山和廖仲恺@Ahui yi sun zhong shan he liao zhong kai@f何香凝著 |
| 210 | @a北京@c三联书店@d1978 | |
| 215 | @a79页@c照片@d19cm | |
| 606 | 0 | @a中国@x历史@z1840~1949 |
| 690 | @aK257.1 | |
| 701 | 0 | @a何香凝@Ahe xiang ning@4著 |
| 801 | 0 | @aCN@bNLC@c20060913 |
| 905 | @f1@b2522@dK257.1@e1 | |
| 回忆孙中山和廖仲恺/何香凝著.-北京:三联书店,1978 |
| 79页:照片;19cm |
| ISBN :CNY0.25 |
| ● |
| 相关链接 |
|
|
|
|
正题名:回忆孙中山和廖仲恺
索取号:K257.1/1
 
预约/预借
| 序号 | 登录号 | 条形码 | 馆藏地/架位号 | 状态 | 备注 |
| 1 | 0002522 | 001927204 | 第二样本阅览室/ [索取号:K257.1/1] | 在馆 | |
| 2 | 0436518 | 204365187 | 密集书库/ [索取号:K257.1/1] | 在馆 | |
| 3 | 0475070 | 204750705 | 密集书库/ [索取号:K257.1/1] | 在馆 |